<?xml version="1.0" encoding="UTF-8"?><?xml-stylesheet type="text/xsl" href="static/style.xsl"?><OAI-PMH xmlns="http://www.openarchives.org/OAI/2.0/" xmlns:xsi="http://www.w3.org/2001/XMLSchema-instance" xsi:schemaLocation="http://www.openarchives.org/OAI/2.0/ http://www.openarchives.org/OAI/2.0/OAI-PMH.xsd"><responseDate>2026-04-14T07:16:22Z</responseDate><request verb="GetRecord" identifier="oai:www.recercat.cat:20.500.12328/5095" metadataPrefix="marc">https://recercat.cat/oai/request</request><GetRecord><record><header><identifier>oai:recercat.cat:20.500.12328/5095</identifier><datestamp>2025-11-04T17:36:03Z</datestamp><setSpec>com_2072_67741</setSpec><setSpec>col_2072_484352</setSpec></header><metadata><record xmlns="http://www.loc.gov/MARC21/slim" xmlns:dcterms="http://purl.org/dc/terms/" xmlns:xsi="http://www.w3.org/2001/XMLSchema-instance" xmlns:doc="http://www.lyncode.com/xoai" xsi:schemaLocation="http://www.loc.gov/MARC21/slim http://www.loc.gov/standards/marcxml/schema/MARC21slim.xsd">
   <leader>00925njm 22002777a 4500</leader>
   <datafield ind2=" " ind1=" " tag="042">
      <subfield code="a">dc</subfield>
   </datafield>
   <datafield ind2=" " ind1=" " tag="720">
      <subfield code="a">Ortega I Martínez, Anna</subfield>
      <subfield code="e">author</subfield>
   </datafield>
   <datafield ind2=" " ind1=" " tag="720">
      <subfield code="a">Palomo Carrión, Rocio</subfield>
      <subfield code="e">author</subfield>
   </datafield>
   <datafield ind2=" " ind1=" " tag="720">
      <subfield code="a">Carrasco-Uribarren, Andoni</subfield>
      <subfield code="e">author</subfield>
   </datafield>
   <datafield ind2=" " ind1=" " tag="720">
      <subfield code="a">Amor-Barbosa, Marta</subfield>
      <subfield code="e">author</subfield>
   </datafield>
   <datafield ind2=" " ind1=" " tag="720">
      <subfield code="a">Domènech-Garcia, Georgina</subfield>
      <subfield code="e">author</subfield>
   </datafield>
   <datafield ind2=" " ind1=" " tag="720">
      <subfield code="a">Bagur-Calafat, Caritat</subfield>
      <subfield code="e">author</subfield>
   </datafield>
   <datafield ind2=" " ind1=" " tag="260">
      <subfield code="c">2025-06-27</subfield>
   </datafield>
   <datafield ind2=" " ind1=" " tag="520">
      <subfield code="a">Background: Mirror therapy (MT) creates a cerebral illusion of a normal movement in&#xd;
a paretic limb. Although mirror therapy has been studied as a suitable intervention for&#xd;
children with Unilateral Cerebral Palsy (UCP), a comprehensive understanding of its full&#xd;
range of benefits is still lacking. Thus, the aim of this systematic review and meta-analysis&#xd;
was to determine all motor and sensory effects of MT in children and adolescents with&#xd;
UCP. Methods: Clinical trials focused on the application of MT in the upper limb (UL) of&#xd;
children and adolescents with UCP were included. A search was performed in PubMed,&#xd;
Cochrane Library, Web of Science, and LILACS databases. Eleven studies were included in&#xd;
this systematic review. The PEDro scale and the MINORS scale were applied to evaluate the&#xd;
methodological quality of randomized and non-randomized controlled trials, respectively.&#xd;
The Risk of Bias tool was also employed to evaluate the potential bias. In addition, the&#xd;
TIDieR checklist was used to assess the quality of intervention reporting. A random-effects&#xd;
model was used for the meta-analysis. Results: The studies included children with UCP&#xd;
from three to eighteen years, classified in Manual Ability Classification System levels I–IV.&#xd;
Motor effects of MT were found in nine studies. Also, two studies reported sensory effects&#xd;
on registration, perception, and proprioception abilities. Qualitative and quantitative&#xd;
analysis showed that MT improved manual dexterity and tactile registration in children&#xd;
and adolescents with UCP. Conclusions: MT is a therapy capable of inducing motor and&#xd;
sensory improvements in the affected UL of children with UCP.</subfield>
   </datafield>
   <datafield ind1="8" ind2=" " tag="024">
      <subfield code="a">Ortega-Martíez, Anna; Palomo-Carrión, Rocío; Carrasco-Uribarren, Andoni [et al.]. Motor and Sensory Benefits of Mirror Therapy in Children and Adolescents with Unilateral Cerebral Palsy: A Systematic Review and Meta-Analysis. Healthcare 2025, 13(13), 1538. Disponible en &lt;https://www.mdpi.com/3378462>. Fecha de acceso: 24 oct. 2025. DOI: 10.3390/ healthcare13131538.</subfield>
   </datafield>
   <datafield ind1="8" ind2=" " tag="024">
      <subfield code="a">2078-2489</subfield>
   </datafield>
   <datafield ind1="8" ind2=" " tag="024">
      <subfield code="a">http://hdl.handle.net/20.500.12328/5095</subfield>
   </datafield>
   <datafield ind1="8" ind2=" " tag="024">
      <subfield code="a">https://dx.doi.org/10.3390/healthcare13131538</subfield>
   </datafield>
   <datafield tag="653" ind2=" " ind1=" ">
      <subfield code="a">unilateral cerebral palsy</subfield>
   </datafield>
   <datafield tag="653" ind2=" " ind1=" ">
      <subfield code="a">mirror therapy</subfield>
   </datafield>
   <datafield tag="653" ind2=" " ind1=" ">
      <subfield code="a">upper limb impairments</subfield>
   </datafield>
   <datafield tag="653" ind2=" " ind1=" ">
      <subfield code="a">hand function</subfield>
   </datafield>
   <datafield tag="653" ind2=" " ind1=" ">
      <subfield code="a">motor impairment</subfield>
   </datafield>
   <datafield tag="653" ind2=" " ind1=" ">
      <subfield code="a">somatosensory impaiment</subfield>
   </datafield>
   <datafield tag="653" ind2=" " ind1=" ">
      <subfield code="a">systematic review</subfield>
   </datafield>
   <datafield tag="653" ind2=" " ind1=" ">
      <subfield code="a">meta-analysis</subfield>
   </datafield>
   <datafield tag="653" ind2=" " ind1=" ">
      <subfield code="a">parálisis cerebral unilateral</subfield>
   </datafield>
   <datafield tag="653" ind2=" " ind1=" ">
      <subfield code="a">terapia del espejo</subfield>
   </datafield>
   <datafield tag="653" ind2=" " ind1=" ">
      <subfield code="a">discapacidad de las extremidades superiores</subfield>
   </datafield>
   <datafield tag="653" ind2=" " ind1=" ">
      <subfield code="a">función de la mano</subfield>
   </datafield>
   <datafield tag="653" ind2=" " ind1=" ">
      <subfield code="a">discapacidad motora</subfield>
   </datafield>
   <datafield tag="653" ind2=" " ind1=" ">
      <subfield code="a">discapacidad somatosensorial</subfield>
   </datafield>
   <datafield tag="653" ind2=" " ind1=" ">
      <subfield code="a">revisión sistemática</subfield>
   </datafield>
   <datafield tag="653" ind2=" " ind1=" ">
      <subfield code="a">metaanálisis</subfield>
   </datafield>
   <datafield tag="653" ind2=" " ind1=" ">
      <subfield code="a">paràlisi cerebral unilateral</subfield>
   </datafield>
   <datafield tag="653" ind2=" " ind1=" ">
      <subfield code="a">teràpia especular</subfield>
   </datafield>
   <datafield tag="653" ind2=" " ind1=" ">
      <subfield code="a">discapacitat de les extremitats superiors</subfield>
   </datafield>
   <datafield tag="653" ind2=" " ind1=" ">
      <subfield code="a">Función de la mano</subfield>
   </datafield>
   <datafield tag="653" ind2=" " ind1=" ">
      <subfield code="a">deteriorament motor</subfield>
   </datafield>
   <datafield tag="653" ind2=" " ind1=" ">
      <subfield code="a">discapacitat somatosensorial</subfield>
   </datafield>
   <datafield tag="653" ind2=" " ind1=" ">
      <subfield code="a">revisió sistemàtica</subfield>
   </datafield>
   <datafield tag="653" ind2=" " ind1=" ">
      <subfield code="a">metaanàlisi</subfield>
   </datafield>
   <datafield ind2="0" ind1="0" tag="245">
      <subfield code="a">Motor and Sensory Benefits of Mirror Therapy in Children and Adolescents with Unilateral Cerebral Palsy: A Systematic Review and Meta-Analysis</subfield>
   </datafield>
</record></metadata></record></GetRecord></OAI-PMH>